Zwycięzcy mistrzostw świata w piłce ręcznej - Statystyki

Ogólne statystyki
  • Ten quiz został rozwiązany 374 razy
    369 od ostatniego zresetowania
  • Średni wynik to 11 z 13
Statystyki odpowiedzi
Rok Zwycięzca Gospodarz % Poprawnych
1938 III Rzesza III Rzesza
100%
2007 Niemcy Niemcy
100%
1978 RFN Dania
100%
1995 Francja Islandia
99%
2005 Hiszpania Tunezja
96%
1954 Szwecja Szwecja
96%
2019 Dania Dania
95%
1967 Czechosłowacja Szwecja
84%
1993 Rosja Szwecja
84%
2003 Chorwacja Portugalia
74%
1986 Jugosławia Szwajcaria
66%
1982 ZSRR RFN
65%
1961 Rumunia RFN
47%
Nie znaleziono quizów pasujących do podanych kryteriów
Rozkład punktacji
Procent ludzi z każdym wynikiem
Percentyl według liczby udzielonych odpowiedzi
Twoja historia wyników
Nie rozwiązałeś tego quizu od ostatniego zresetowania